LEADER 01309nam a2200289 4500 001 000000350533 003 CaOOAMICUS 005 20240715090649.0 008 220617s2021 it 000 u ita r 020 $a978-88-6973-555-4 040 $aSeMil$bita 100 1 $aAlighieri, Dante,$d<1265-1321>.$0(OLS)http://semarc/name/453 240 10$aDivina Commedia.$0(OLS)http://semarc/title/1597 245 07$a39: La Divina Commedia di Dante Alighieri /$cPompeo Venturi ; a cura di Antonio Marzo. 264 1$aRoma :$bSalerno,$c2021. 300 $a2 v. (1236 p. compl.) ;$c25 cm 500 $aIn custodia 650 4$aAlighieri, Dante <1265-1321> . Divina Commedia.$0(OLS)http://semarc/subject/338 700 1 $aMarzo, Antonio.$0(OLS)http://semarc/name/115994 700 1 $aVenturi, Pompeo,$d<1693-1752>.$0(OLS)http://semarc/name/115995 773 0 $tEdizione nazionale dei commenti danteschi.$dRoma : Salerno, 2003-$g39$w()358848 774 0 $tTomo 1.$dRoma : Salerno, 2021.$w()350528 774 0 $tTomo 2.$dRoma : Salerno, 2021.$w()350530 996 $6020$a978-88-6973-555-4$9(OLS)http://semarc/number/296046 996 $6245$a39: La Divina Commedia di Dante Alighieri$9(OLS)http://semarc/title/24635 996 $6264$aRoma :$bSalerno$9(OLS)http://semarc/publisher/30165 LEADER 00969nam a2200217 i 4500 001 000000222767 003 CaOOAMICUS 005 20130925000000.0 008 130925n it u000 u ita u 013 $a201664 040 $aSeMil$bita 240 00$aGeremia Bonomelli.$0(OLS)http://semarc/title/319404 245 10$a[Mons. Geremia Bonomelli :$bvescovo di Cremona 1831-1914]. 260 $a[S.l. :$bs.n.],$c[1964?]$e(Brescia :$fLitolipografia Squassina,$g[1964?]) 300 $a115 p. ;$c24 cm. 500 $aIn copertina : A cura della Parrocchia di Nigoline nel cinquantenario della morte. 600 14$aBonomelli, Geremia .$0(OLS)http://semarc/subject/8155 850 $aSeMil 852 $aSeMil$W1$xVenegono$y1$m5D VII 20/16$j173113$B173113$CSeMilBibl$Z2$F183418 $81 996 $6245$a[Mons. Geremia Bonomelli :$bvescovo di Cremona 1831-1914]$9(OLS)http://semarc/title/319405 996 $6260$a[S.l. :$bs.n.]$9(OLS)http://semarc/publisher/29751